000
00303nam a2200121Ia 4500
008
230907s9999||||xx |||||||||||||| ||und||
082
_a
891.439
_b
MUM
245
0
_a
ان کہی , Ankahi /
260
_a
Al-Faisal Nashran,
_b
Lahore :
_c
2017
300
_a
208 p.
650
_a
Urdu Literature
942
_c
BK
999
_c
599708
_d
599708